La máquina que cambió el mundo : génesis, desarrollo y evolución del ordenador /
Salvato in:
| Autore principale: | |
|---|---|
| Natura: | Elettronico eBook |
| Lingua: | spagnolo |
| Pubblicazione: |
Madrid :
Ediciones Complutense,
[2019]
|
| Edizione: | Primera edición. |
| Serie: | Colección Divulgación (Ediciones Complutense). Ciencias ;
02. |
| Soggetti: | |
| Accesso online: | Digitalia Hispánica |
| Tags: |
Aggiungi Tag
Nessun Tag, puoi essere il primo ad aggiungerne!!
|
MARC
| LEADER | 00000nam a2200000Ii 4500 | ||
|---|---|---|---|
| 001 | DIGCOMPLT0076 | ||
| 003 | NyNyDIG | ||
| 006 | m o d | ||
| 007 | cr ||||||||||| | ||
| 008 | 230830s2019 sp a ob 000 0 spa d | ||
| 035 | |a (OCoLC)1120777531 | ||
| 040 | |a DGITA |b eng |e rda |e pn |c DGITA | ||
| 020 | |a 9788466936378 |q pdf | ||
| 020 | |z 9788466936361 | ||
| 050 | 1 | 4 | |a QA76.17 ebook |
| 100 | 1 | |a Lucas Alba, Salvador, |e author. | |
| 245 | 1 | 3 | |a La máquina que cambió el mundo : |b génesis, desarrollo y evolución del ordenador / |c Salvador Lucas Alba. |
| 250 | |a Primera edición. | ||
| 264 | 1 | |a Madrid : |b Ediciones Complutense, |c [2019] | |
| 300 | |a 1 online resource : |b illustrations. | ||
| 336 | |a text |b txt |2 rdacontent | ||
| 337 | |a computer |b c |2 rdamedia | ||
| 338 | |a online resource |b cr |2 rdacarrier | ||
| 347 | |a text file |2 rdaft | ||
| 347 | |b PDF | ||
| 490 | 1 | |a Colección Divulgación. Ciencias ; |v 02 | |
| 504 | |a Includes bibliographical references. | ||
| 588 | 0 | |a Online resource; title from PDF title page (Digitalia, viewed August 30, 2023) | |
| 650 | 0 | |a Computers |x History. | |
| 650 | 0 | |a History of computing. | |
| 650 | 0 | |a Computer science. | |
| 791 | 2 | |a Digitalia (Firm), |e distributor. | |
| 793 | 0 | |g Digitalia eBook Collection: |a Ediciones Complutense | |
| 776 | 0 | 8 | |i Print version: |a Lucas Alba, Salvador. |t Máquina que cambió el mundo. |b Primera edición. |d Madrid : Ediciones Complutense, [2019] |z 9788466936361 |
| 830 | 0 | |a Colección Divulgación (Ediciones Complutense). |p Ciencias ; |v 02. | |
| 856 | 4 | 0 | |3 Digitalia Hispánica |u https://digitalia.unach.elogim.com/a/129297/ |
| 910 | |a Premium collection: 2023 | ||